01840cam a2200277 a 450000100090000000300040000900500170001300800410003001000170007102000310008804000180011905000150013708200120015224500760016425000200024026000370026030000410029750400510033850508080038965000370119770000190123470000200125385601060127385600910137985600920147014661053OSt20210414114512.0061208s2008 maua b 001 0 eng  a 2006048087 a9780073529639 (alk. paper) aDLCcDLCdDLC00aRA776.C83 00a61322200aCore concepts in health /c[compiled by] Paul M. Insel, Walton T. Roth. a10th ed. update aNew york :bMcGraw Hill,cc2008. axxxii, 717 p. :bcol. ill. ;c28 cm. aIncludes bibliographical references and index. aContents: Taking charge of your health -- Stress: the constant challenge -- Psychological health -- Intimate relationships and communication -- Sex and your body -- Contraception -- Pregnancy and childbirth -- The use and abuse of psychoactive drugs -- The responsible use of alcohol -- Toward a tobacco-free society -- Nutrition basics -- Exercise for health and fitness Cardiovascular health -- Cancer -- Immunity and infection -- Sexually transmitted diseases -- Aging: a vital process -- Dying and death -- Conventional and complementary medicine: skill for the health care consumer -- Personal safety: protecting yourself from unintentional injuries and violence -- Appendices: A Nutritional content of popular items from fast-food restaurants -- B: A self-care guide for common medical problems. 0aHealthvHandbooks, manuals, etc.1 aInsel, Paul M.1 aRoth, Walton T.423Contributor biographical informationuhttp://www.loc.gov/catdir/enhancements/fy0804/2006048087-b.html423Publisher descriptionuhttp://www.loc.gov/catdir/enhancements/fy0804/2006048087-d.html413Table of contents onlyuhttp://www.loc.gov/catdir/enhancements/fy0804/2006048087-t.html